000 00460nam a22001817a 4500
003 NUST - PNEC
005 20170116180821.0
008 150618b xxu||||| |||| 00| 0 eng d
020 _a-
040 _cLIBRARY
082 _a297.63 FAZ
100 _94103
_aFazalullah, Mohammad Hussain
245 _aRasalatna (Arabic)
_cSyed Mohammad Hussain Fazalaullah
260 _bSaudia:
300 _avarious pagings:
_c20 cm.
650 _xIslam
942 _2ddc
_cBK
999 _c63734
_d63734